Gaming Quiz

Random Gaming or Nintendo Quiz
Score 0/18 Timer 15:00
0 Plays Today
- Name % Correct
Remix (Brawl)Star Wolf (Brawl)
100%
Remix (Brawl)Corneria - Star Fox
100%
Remix (Brawl)Main Theme - Star Fox
100%
Remix (Melee)Star Fox Medley
100%
Remix (Melee)Main Theme - Star Fox 64 (Melee)
100%
Remix (64)Main Theme - Star Fox 64 (64)
100%
Remix (Brawl)Main Theme - Star Fox 64 (Brawl)
100%
Star Wolf
100%
Remix (3DS/Wii U)Star Wolf's Theme / Sector Z
100%
- Name % Correct
Corneria - Star Fox Zero
100%
Return to Corneria - Star Fox Zero
100%
Remix (Brawl)Area 6 - Star Fox 64
82.6%
Remix (Brawl)Area 6 Ver. 2 - Star Fox 64
82.6%
Remix (3DS/Wii U)Theme from Area 6 / Missile Slipsteam
82.6%
Break: Through the Ice
82.6%
Remix (Brawl)Space Armada
78.3%
Sector Ω
69.6%
Space Battleground
60.9%
Come Together.
Have Fun.
All Virtual.
We all need to come together. Play Sporcle's virtual live trivia to have fun, connect with people, and get your trivia on. Join a live hosted trivia game for your favorite pub trivia experience done virtually. If a virtual private party is more your thing, go here for details.

You're not logged in!

Compare scores with friends on all Sporcle quizzes.
OR
Log In

Sporcle TV

Today on Sporcle TV


Watch our educational content, quiz creation guides, and fun videos on Sporcle TV.

Show Comments

Extras

Top Quizzes Today


Score Distribution

Paid Content

Your Account Isn't Verified!

In order to create a playlist on Sporcle, you need to verify the email address you used during registration. Go to your Sporcle Settings to finish the process.

Report this User

Report this user for behavior that violates our Community Guidelines.

Details: